Cities that End in U by Clue - Statistics

General Stats
  • This quiz has been taken 2,649 times
  • The average score is 11 of 18
Answer Stats
Clue City % Correct
National capitals in the Himalayas Kathmandu
93%
Former Portuguese colony in China Macau
90%
Capital of Moldova Chișinău
87%
Small German town that gave its name to many other things including, indirectly, the capital of Bahamas Nassau
85%
The Pearl Harbor near this city was the target of the Japanese on December 7, 1941 Honolulu
84%
Most populous urban agglomeration in the world, formerly known as Canton Guangzhou
82%
Easternmost national capital on mainland Africa Mogadishu
82%
Most populous city on the Caspian Sea Baku
80%
National capitals in the Himalayas Thimphu
75%
Capital of Burkina Faso Ouagadougou
73%
This African capital appears in its country's name Bissau
61%
Serves as the capital of the Chinese province of Sichuan Chengdu
55%
Philippine city near which Ferdinand Magellan died in 1521 Cebu
42%
City in which the first COVID-19 patient of South Korea was confirmed Daegu
34%
Major Chinese city as the southern terminus of the Grand Canal Hangzhou
34%
Malaysian city that is connected to Singapore Johor Bahru
21%
The romanized name of this Chinese city is "Swatow" Shantou
21%
Most populous Chinese city on the Yellow River Zhengzhou
21%
No matching quizzes found
Score Distribution
Percent of People with Each Score
Percentile by Number Answered
Your Score History
You have not taken this quiz